| 000 | 00348nam a2200109Ia 4500 | ||
|---|---|---|---|
| 008 | 171211s9999 xx 000 0 und d | ||
| 245 | _aEssential Mobile Interaction Design | ||
| 245 | _cCameron Banga and Josh Weinhold | ||
| 260 | _c2014 | ||
| 650 | _xIT eBOOKS | ||
| 856 | _uhttp://down.ebook777.com/020/Essential%20Mobile%20Interaction%20Design.pdf | ||
| 999 |
_c349806 _d349806 |
||